banner koha

Diagnostic value of computed tomography, radiography and ultrasonography in metacarpophalangeal joint disorders in horses (Registro n. 329502)

MARC details
000 -LÍDER
fixed length control field 04704nab a2200325 i 4500
003 - CÓDIGO MARC DA AGÊNCIA CATALOGADORA
Campo de controle BR-BrBNA
005 - DATA E HORA DA ÚLTIMA ATUALIZAÇÃO
Campo de controle 20250106133218.0
008 - CAMPO DE TAMANHO FIXO
fixed length control field 250106b2016 bl.|r|poo|||| 00| 0 eng |
040 ## - FONTE DA CATALOGAÇÃO
Agência catalogadora BR-BrBNA
Idioma da catalogação eng
072 ## - CATEGORIA AGRIS
Código AGRIS L74
Código do objeto 5120
100 ## - ENTRADA PRINCIPAL - NOME PESSOAL
Nome pessoal Machado, V.M.V.
100 ## - ENTRADA PRINCIPAL - NOME PESSOAL
Nome pessoal Aguiar, A.C.S.
100 ## - ENTRADA PRINCIPAL - NOME PESSOAL
Nome pessoal Viana, G.F.
100 ## - ENTRADA PRINCIPAL - NOME PESSOAL
Nome pessoal Crosignani, N.O.
100 ## - ENTRADA PRINCIPAL - NOME PESSOAL
Nome pessoal Puoli Filho, J.N.P.
245 ## - TÍTULO PRINCIPAL
Título principal Diagnostic value of computed tomography, radiography and ultrasonography in metacarpophalangeal joint disorders in horses
500 ## - NOTA GERAL
Nota geral Publicação online; 17 ref.; 5 illus.; Summaries (En, Pt)
942 ## - ADDED ENTRY ELEMENTS (KOHA)
Koha item type Analítica
520 ## - NOTA DE RESUMO
Nota de conteúdo <br/><br/><br/>ABSTRACT - In modern society the work and athletic performance of horses has led to a very important animal production sector in which Brazil possesses the third largest horse stock. Among all equine lesions described, metacarpophalangeal (fetlock) joint lesions are considered one of the main causes of lameness. Consequently, there is a need to improve the understanding and diagnosis of these injuries. The most efficient imaging diagnostic methods for the fetlock region are computed tomography, radiography and ultrasound. Imaging studies of the anatomical structures involving this joint are extremely important to obtain a more precise diagnose. The present study was performed in order to evaluate the capacity of different imaging diagnostic modalities to detect a variety of lesions in different fetlock structures. Twenty horses (Equus caballus) used for horsemanship activities were referred to the Department of Animal Reproduction and Veterinary Radiology of São Paulo State University, Botucatu campus, with clinical signs of metacarpophalangeal joint injuries. Horses were submitted to radiographic and ultrasonographic exam and computed tomography scan. Image analysis revealed a significant capacity of these methods to characterize lesions in this region. However, computed tomography provided broader and better evaluation of lesions in bones and adjacent structures, because it allows the analysis to be performed on three-dimensional projections, with attenuation coefficients (window selections) and tissue density measurement through Hounsfield Units (HU).<br/><br/><br/>Keywords: computed tomography, radiography, ultrasonography, metacarpophalangeal joint, horses
520 ## - NOTA DE RESUMO
Nota de conteúdo <br/><br/><br/>RESUMO - As atividades desempenhadas pelo cavalo na sociedade contemporânea são diversas, e o Brasil é portador do terceiro maior plantel mundial de equinos. Entre as várias afecções descritas em cavalos atletas, as lesões na articulação metacarpofalangeana (boleto) são consideradas as principais causas de claudicação. Por isso, continuamente se aprofunda o conhecimento no diagnóstico das enfermidades que acometem essa região. Dentre as modalidades de diagnóstico por imagem, os exames de tomografia computadorizada, radiografia e ultrassonografia constituem os mais eficazes para avaliação da região do boleto. Com o presente trabalho, teve-se como objetivo avaliar o desempenho da tomografia computadorizada, da radiografia e da ultrassonografia nas mais variadas injúrias das estruturas da articulação metacarpofalangeana. Vinte cavalos (Equus caballus), destinados às atividades de horsemanship, foram encaminhados ao Departamento de Reprodução Animal e Radiologia Veterinária da Universidade Estadual Paulista, campus de Botucatu, com sinais clínicos de afecções na articulação metacarpofalangeana. Os animais foram submetidos aos exames de radiografia, ultrassonografia e tomografia computadorizada. As imagens revelaram grande capacidade dos métodos em caracterizar lesões nessa articulação. Entretanto, a tomografia computadorizada possibilitou avaliar de modo mais amplo e aprimorado as lesões em estruturas ósseas e adjacentes dessa articulação, pois permite a análise das imagens por meio de projeções tridimensionais, a seleção de coeficiente de atenuação e a mensuração da densidade dos tecidos em unidade Hounsfield (HU).<br/><br/><br/>Palavras-chave: tomografia computadorizada, radiografia, ultrassonografia, articulação metacarpofalangeana, equinos
650 ## - ASSUNTO - THESAGRO
Cabeçalho tópico ou nome geográfico CAVALO
650 ## - ASSUNTO - THESAGRO
Cabeçalho tópico ou nome geográfico DISTÚRBIO FISIOLÓGICO
650 ## - ASSUNTO - THESAGRO
Cabeçalho tópico ou nome geográfico CLAUDICAÇÃO
650 ## - ASSUNTO - THESAGRO
Cabeçalho tópico ou nome geográfico RADIOGRAFIA
650 ## - ASSUNTO - THESAGRO
Cabeçalho tópico ou nome geográfico DIAGNÓSTICO
650 ## - ASSUNTO - THESAGRO
Cabeçalho tópico ou nome geográfico VETERINÁRIA
773 0# - ENTRADA ANALÍTICA
Host Biblionumber 1643
Registro do item 347389
Imprenta Belo Horizonte-MG Universidade Federal de Minas Gerais - Escola de Veterinaria 1983
Outro identificador 2024-8402
Título Arquivo Brasileiro de Medicina Veterinária e Zootecnia (Brazil)
ISSN 0102-0935
Colação v. 68(1) p. 66-72; (2016)
Número de controle de registro BR2024004295
856 ## - ACESSO E ENDEREÇO ELETRÔNICO
Identificador uniforme de recurso - URI https://www.scielo.br/j/abmvz/a/vNSc9CZcc6FCBTzmPjhmJhh/?format=pdf&lang=en

Nenhum exemplar disponível.

BINAGRI

Telefone: (61)3218-2567/2388/3357/2097 - binagri@agro.gov.br

Ministério da Agricultura e Pecuária , Esplanada dos Ministérios, Bloco D, Anexo B, Brasília/DF, CEP: 70.043-900